Statistics for Most Spoken Asian Languages in the World

Click here to take the quiz!

General Stats

  • This quiz has been taken 271 times
  • The average score is 15 of 20

Answer Stats

SpeakersLanguage% Correct
935,000,000Mandarin
100%
125,000,000Japanese
98%
310,000,000Hindi
94%
76,000,000Korean
94%
295,000,000Arabic
92%
56,000,000Thai
91%
76,000,000Vietnamese
90%
59,000,000Cantonese
83%
66,000,000Urdu
83%
205,000,000Bengali
81%
77,000,000Malaysian / Indonesian
77%
70,000,000Tamil
77%
100,000,000Punjabi
73%
63,000,000Turkish
71%
80,000,000Wu
69%
49,000,000Gujarati
57%
76,000,000Telugu
57%
73,000,000Marathi
54%
82,000,000Javanese
53%
48,000,000Jin
18%

Score Distribution

Percentile by Number Answered

Percent of People with Each Score

Your Score History

You have not taken this quiz